000
00255nam a22001211a 4500
999
_c
166991
_d
166991
082
_a
S 294.592
_b
245
_a
Brhadaranyaka vartikasara/
260
_a
_b
_c
650
_a
Vedic Literature
650
_a
Hinduism
650
_a
Religion
942
_c
BK